000 00237 a2200097 4500
001 46563
100 _aIslahi, Sharf ud Din
245 _aUrdu Sindhi key Lisani Rawabit
260 _aLahore
_bMarkazi Urdu Board
_c
090 _c29671
_d29671
942 _aNUST-CAE
_cM
_c21859
999 _c281636
_d281636